| 000 | 00922nam a2200217 a 4500 | ||
|---|---|---|---|
| 005 | 20140310183623.0 | ||
| 008 | 120906s19uu xx 00 eng d | ||
| 020 | _a9781439826416 | ||
| 050 |
_aHV 551.2 _b.B955 2012 |
||
| 100 | _aBurton, Kevin D. | ||
| 245 |
_aManaging emgering risk : _bthe capstone of preparedness / _cKevin Burton. |
||
| 260 |
_aBoca Raton, FL : _bCRC Press, _c2012. |
||
| 300 |
_ax, 277 p. : _bill; _c24 cm. |
||
| 500 | _aIncludes bibliographical references and index | ||
| 520 | _aOffering ideas, tools, and a fresh way of thinking, this guide introduces the concept of emerging risk and the effective mitigation of and response to unforeseen events. It describes various types of risks, their identification, and their implications for mass casualty and damage. | ||
| 521 | _aBSBA | ||
| 650 | _aEmergency management | ||
| 650 | _aRisk management | ||
| 942 |
_cBK _2lcc _kFOR |
||
| 999 |
_c25444 _d25444 |
||